U.S. Cities by Their Latin Names - Statistics

General Stats
  • This quiz has been taken 24 times
  • The average score is 25 of 40
Answer Stats
Latin Name English Name % Correct
Baltimora Baltimore
95%
Bostonia Boston
95%
Denverium Denver
95%
Detroitum Detroit
95%
Angelopolis Los Angeles
95%
Miamia Miami
95%
Sacramentum Sacramento
95%
Seattlum Seattle
95%
Austinopolis Austin
91%
Clevelandia Cleveland
91%
Dallasium Dallas
91%
Hustonia Houston
91%
Milvauchia Milwaukee
91%
Providentia Providence
91%
Ricmondia Richmond
91%
Columbopolis Columbus
86%
Franciscopolis San Francisco
86%
Antoniopolis San Antonio
82%
Vasingtonia Washington
77%
Alba Quercus Albuquerque
68%
Novum Eboracum New York
68%
Urbs Lacus Salsi Salt Lake City
64%
Ancoraria Anchorage
59%
Nasburgum Nashville
59%
Nova Aurelia New Orleans
59%
Litus Virginiae Virginia Beach
59%
Ora Longa Long Beach
45%
Carolinum Charlotte
41%
Sicagum Chicago
41%
Fontes Coloratenses Colorado Springs
36%
Portus Pontis Bridgeport
32%
Novarcum Newark
32%
Ludovicopolis Louisville
23%
Didacopolis San Diego
23%
Arx Vorthensis Fort Worth
18%
Quercupolis Oakland
18%
Xylopolis Boise
9%
Campi Las Vegas
9%
Petricula Little Rock
5%
Monachopolis Des Moines
0%
No matching quizzes found
Score Distribution
Percent of People with Each Score
Percentile by Number Answered
Your Score History
You have not taken this quiz